[Event "Chesscup Rapid 2020"]
[Site "Katowice"]
[Date "2020.09.13"]
[Round "9.3"]
[White "Lewicki, Miroslaw"]
[Black "Sadzikowski, Daniel"]
[Result "0-1"]
[WhiteElo "2348"]
[BlackElo "2527"]
[Annotator "TA"]
[PlyCount "116"]
[EventDate "2020.09.12"]
[EventType "swiss"]
[EventCountry "POL"]
[SourceTitle "playchess.com"]
[Source "ChessBase"]
[SourceQuality "1"]

{[%evp 20,116,-9,-61,-63,-61,-58,-101,-102,-102,-99,-131,-110,-130,-62,-37,-47,-49,0,-74,-68,-68,-12,-22,-13,-51,-23,-23,-23,-29,-33,-48,-45,-49,-45,-45,-45,-45,-48,-52,-50,-52,-20,-51,0,0,31,-81,-79,-81,-13,-38,-30,-59,-62,-148,-149,-135,-135,-134,-132,-135,-58,-94,-92,-84,-76,-102,-80,-102,-65,-72,-53,-139,-131,-146,-146,-350,-300,-384,-372,-1152,-1151,-1867,-1886,-1793,-1752,-1714,-1592,-1323,-1275,-5108,-4495,-29975,-29976,-29985,-29975,-29977,-29978]} 1. e4 c5 2. Nf3 d6 3. d4 cxd4 4. Nxd4 Nf6 5. Nc3 a6 6. Bg5 e6 7. f4 h6 8. Bh4 Qb6 9. Qd2 Qxb2 10. Rb1 Qa3 11. e5 (11. f5 $11) 11... dxe5 $15 {B97: Sicilian Najdorf: Poisoned Pawn.} 12. fxe5 Nfd7 13. Be2 {Nxe6! is the strong threat.} Be7 $1 {[%cal Re7h4] Black is better.} 14. Bg3 Qa5 15. O-O O-O {[#]} 16. Kh1 $146 ({Predecessor:} 16. Ne4 Qxd2 17. Nxd2 Bc5 18. N2b3 Bb6 19. Bf3 Nc6 20. Bxc6 bxc6 21. Rfd1 c5 22. Nc6 {0-1 (41) Kuerten,D (2139)-Glushenkov,S (2313) ICCF email 2013}) 16... Nc6 (16... Nxe5 $17 17. Ne4 Qxd2 18. Nxd2 Nec6 19. Nxc6 Nxc6) 17. Nxc6 bxc6 18. Qe3 Qc5 19. Qf3 (19. Qd2 $1 $11) 19... Nxe5 $17 20. Qe4 Ng6 (20... Bd6 $15 21. Na4 Qd5) 21. Na4 $11 Qd5 22. Qe3 Qg5 ({Don't blunder} 22... Qxa2 $2 23. Nb6 $18) (22... Qa5 {is more complex.} 23. Nb6 Bc5 24. Qf3 Ra7 25. Nc4 Qd8) 23. Qxg5 Bxg5 24. Nb6 Ra7 25. Bd6 Rd8 26. Bb8 Rb7 27. Nxc8 Rxb1 28. Rxb1 Rxc8 29. Bxa6 Rd8 30. g3 Rd5 31. Bd3 Bf6 ({Black should try} 31... Bd8 $15) 32. Bc7 Rd7 33. Bb6 {[#]} (33. Rb8+ $14 {keeps the upper hand.} Kh7 34. Rc8) 33... Ne5 $1 $17 34. Be4 Nc4 (34... Bd8 $17 {Strongly threatening ...Rb7.} 35. Be3 f5) 35. Bc5 g6 36. Rb8+ ({Not} 36. Bxc6 $2 Rc7 $19) 36... Kg7 37. a4 (37. Rb4 $15 Rd1+ 38. Kg2 Rd2+ 39. Kh1) 37... Rd1+ 38. Kg2 {[#]} Bd4 $1 39. Bxd4+ Rxd4 40. Bxc6 {[%mdl 4096] Endgame KRB-KRN} Na5 ({Better is} 40... Rd2+ $17 41. Kg1 Rxc2) 41. Bb5 Rd2+ 42. Kf3 Rxc2 43. h4 Rc5 44. Ra8 Nb3 {aiming for ...Nd4+.} 45. Ke4 f5+ 46. Ke3 (46. Kd3 $1 $15) 46... g5 47. hxg5 hxg5 48. Bd3 $2 {Now White is beyond hope.} (48. Rd8 $17 {was necessary.}) 48... Kf6 49. Rb8 Rc3 50. Ke2 $2 (50. a5 Nxa5 51. Rf8+ Ke5 52. Kd2) 50... Nc1+ $19 {[%mdl 64] Double Attack} 51. Kd2 Rxd3+ {[%mdl 64] Double Attack} 52. Kxc1 Rxg3 {KR-KR} 53. a5 Ra3 54. Ra8 g4 55. a6 Ke5 56. Kd2 g3 {Black mates.} 57. Ke2 Kf4 58. a7 Ra2+ {Accuracy: White = 41%, Black = 69%.} 0-1

[Event "Chesscup Rapid 2020"]
[Site "Katowice"]
[Date "2020.09.13"]
[Round "9.4"]
[White "Piorun, Kacper"]
[Black "Krasenkow, Michal"]
[Result "1-0"]
[WhiteElo "2596"]
[BlackElo "2605"]
[Annotator "TA"]
[PlyCount "91"]
[EventDate "2020.09.12"]
[EventType "swiss"]
[EventCountry "POL"]
[SourceTitle "playchess.com"]
[Source "ChessBase"]
[SourceQuality "1"]

{[%evp 17,91,10,10,7,28,23,30,-17,0,-17,-18,-23,0,0,0,-11,-1,-44,-7,-47,-40,-58,-50,-55,-64,-69,-53,-53,-14,-10,0,0,0,0,0,0,0,0,0,0,0,0,0,0,0,0,0,0,0,0,0,0,0,0,0,0,0,0,0,0,0,0,0,0,137,137,525,518,2054,1980,12830,12673,12816,9504,3275,2645]} 1. d4 d5 2. Nf3 c6 3. e3 Bg4 4. Nbd2 Nd7 5. h3 Bh5 6. b3 e6 7. Bb2 Ngf6 8. Be2 Be7 9. O-O O-O 10. c4 {A06: Réti Opening: 1 Nf3 d5.} a5 11. a3 Qb8 {[#]} 12. Nb1 $146 {White has an edge.} ({Predecessor:} 12. Ne5 Bxe2 13. Qxe2 Nxe5 14. dxe5 Nd7 15. f4 b5 16. cxd5 cxd5 17. e4 Qb7 18. Rac1 {½-½ (28) Reefschlaeger,H (2250)-Schoebel,W (2222) Germany 2013}) 12... Ne4 13. Nfd2 (13. Nc3 {looks sharper.} Bg6 14. Nxe4 Bxe4 15. a4 Rc8 16. Nd2) 13... Bxe2 14. Qxe2 Nxd2 15. Nxd2 b5 16. Rab1 a4 17. cxd5 cxd5 18. bxa4 bxa4 19. e4 Qd6 20. e5 Qa6 21. Qxa6 Rxa6 22. Rfc1 Bg5 23. Bc3 $1 Nb6 (23... Rb6 {with more complications.} 24. Kf1 Rxb1 25. Rxb1 Rc8 26. Bb4 f6) 24. g3 Rc8 25. Bb4 $1 Rxc1+ 26. Rxc1 {aiming for Rc6.} Bxd2 27. Bxd2 $11 {[%mdl 4096] Endgame Black must now prevent Rc6. KRB-KRN} Nc4 28. Bb4 Rb6 29. f4 f6 30. Kf2 Kf7 31. g4 Rb8 32. Re1 {[#]} h5 $1 {[%mdl 512]} 33. exf6 (33. gxh5 Rh8) 33... gxf6 34. f5 e5 35. g5 e4 36. g6+ $1 Kg7 37. h4 Nb2 38. Rb1 Nd3+ 39. Ke3 Nxb4 40. axb4 {KR-KR} Rb5 (40... Rc8 $1 $11) 41. Kd2 $1 $16 a3 $2 {[%mdl 8192] [#] A mistake that costs the game.} (41... Rb8 $16) 42. Kc3 $1 $18 {White is clearly winning.} e3 {[#]} (42... Rb8 $142 43. Kb3 Ra8) 43. Kb3 $1 {[%cal Rb3a3]} e2 44. Kxa3 Rb8 45. Re1 Re8 46. b5 {Accuracy: White = 91%, Black = 69%.} 1-0

[Event "Chesscup Rapid 2020"]
[Site "Katowice"]
[Date "2020.09.13"]
[Round "9.5"]
[White "Janik, Igor"]
[Black "Szczurek, Krzysztof"]
[Result "1-0"]
[WhiteElo "2470"]
[BlackElo "2031"]
[Annotator "TA"]
[PlyCount "87"]
[EventDate "2020.09.12"]
[EventType "swiss"]
[EventCountry "POL"]
[SourceTitle "playchess.com"]
[Source "ChessBase"]
[SourceQuality "1"]

{[%evp 9,87,7,15,15,12,0,0,0,8,17,33,4,51,55,114,104,193,191,191,193,218,102,98,95,96,94,106,97,101,47,58,69,80,80,68,77,62,83,66,0,77,86,68,77,60,60,71,71,81,49,57,0,40,29,54,0,0,0,140,29,44,0,1,0,253,228,181,213,304,301,445,411,666,574,564,547,29990,29991,29988,29989]} 1. e4 c5 2. Nf3 d6 3. Bb5+ Bd7 4. a4 Nf6 5. d3 g6 6. O-O {B52: Sicilian: Moscow Variation with 3...Bd7.} Bg7 7. e5 dxe5 $1 8. Nxe5 {The position is equal.} Bxb5 (8... O-O {keeps more tension.} 9. Nxd7 Nfxd7 10. Re1 a6 11. Bc4 Nc6) 9. axb5 Nbd7 10. Nc4 O-O {[#]} 11. Qf3 $146 ({Predecessor:} 11. Re1 Nd5 12. Qf3 N7f6 13. Nba3 a6 14. Bd2 axb5 15. Nxb5 Qd7 16. Nba3 Ra6 17. Ne5 {0-1 (62) Sobolewski,P (2166)-Bus,K (2048) Dobczyce 2012}) 11... b6 (11... a6 $14) 12. Nc3 $36 {[%mdl 2048] White is on the roll.} Qc7 (12... Ne8 $16) 13. Re1 $18 Rfe8 14. Bf4 Qc8 15. h3 (15. Ra6 $1 $18 {and the rest is easy.}) 15... Nf8 $16 16. Be5 {And now Bxf6 would win.} Ne6 17. Ra4 Nd4 {[#]} 18. Bxd4 $1 cxd4 19. Ne4 (19. Na2 $16) 19... Nxe4 20. Qxe4 Qc5 21. Rea1 Qxb5 22. Rxa7 Rxa7 23. Rxa7 Qc5 24. Ra8 (24. Rb7 $14) 24... Rxa8 (24... Rf8 $11 {remains equal.}) 25. Qxa8+ Bf8 26. Qb8 $1 b5 27. Ne5 $1 {[%cal Re5d7]} Qd5 28. Qc7 f6 29. Nd7 Kf7 30. Qc8 (30. Nb8 $14) 30... Bg7 31. Nc5 Qe5 {White should prevent ...Qe1+.} 32. g3 (32. Kf1 $14) 32... Bh6 $1 $11 33. b4 f5 (33... Be3 $1 $11 {keeps the balance.} 34. Kg2 Qd5+ 35. Kg1 Qe5 36. fxe3 Qxe3+ 37. Kf1 Qf3+ 38. Ke1 (38. Kg1 Qxg3+ 39. Kf1 Qf3+ 40. Kg1 Qg3+ 41. Kh1 Qe1+ 42. Kh2 Qf2+ 43. Kh1 Qe1+ 44. Kh2 Qf2+ 45. Kh1 Qf1+ 46. Kh2 Qf2+ $11) 38... Qe3+ 39. Kf1 Qf3+ 40. Kg1 Qxg3+ 41. Kh1 Qe1+ 42. Kh2 f5) 34. Qc6 ({White has to play} 34. Qa8 $16) 34... Bd2 35. Nd7 Qe6 36. Qxb5 {Hoping for Ne5+.} Qd6 $2 {[%mdl 8192]} (36... Qe1+ $1 $11 {and Black has nothing to worry.} 37. Kg2 Be3 38. Qc4+ (38. fxe3 Qe2+ 39. Kg1 Qe1+ 40. Kh2 Qf2+ 41. Kh1 dxe3 $11) 38... Kg7 39. fxe3 Qe2+ 40. Kg1 Qe1+ 41. Kh2 Qf2+ 42. Kh1 Qe1+ 43. Kh2 Qf2+ 44. Kh1 dxe3 45. Qd4+ e5 46. Qxe5+ Kh6) 37. Qc4+ e6 {[#]} 38. Nc5 $1 Ke7 (38... Qe5 $142 39. Kg2 Qd5+ 40. Qxd5 exd5) 39. Qb5 $18 Kf6 (39... Qc7 {was called for.} 40. Qa6 Bxb4) 40. Qb7 Be3 (40... e5 $142 41. Qxh7 Bxb4) 41. Kg2 Bd2 42. Nd7+ Kg5 43. h4+ Kh6 44. Nf6 {Accuracy: White = 72%, Black = 54%.} 1-0

[Event "Chesscup Rapid 2020"]
[Site "Katowice"]
[Date "2020.09.13"]
[Round "9.6"]
[White "Golubka, Petro"]
[Black "Teclaf, Pawel"]
[Result "1/2-1/2"]
[WhiteElo "2488"]
[BlackElo "2464"]
[Annotator "TA"]
[PlyCount "45"]
[EventDate "2020.09.12"]
[EventType "swiss"]
[EventCountry "POL"]
[SourceTitle "playchess.com"]
[Source "ChessBase"]
[SourceQuality "1"]

{[%evp 9,45,-20,0,-21,-23,-19,15,-16,0,-4,19,25,18,0,0,8,219,25,139,135,125,116,127,50,80,83,112,39,47,51,79,31,14,14,14,18,27,0]} 1. e4 e6 2. d4 d5 3. Bd3 dxe4 4. Bxe4 Nf6 5. Bd3 c5 6. c3 {C01: French: Exchange Variation.} Nc6 7. Nf3 Be7 {[%cal Rc5d4]} 8. O-O {The position is equal.} O-O {[%cal Rc5d4]} 9. Re1 {[#]} b6 $146 {[%cal Rc5d4]} ({Predecessor:} 9... cxd4 10. cxd4 Nb4 11. Bf1 b6 12. a3 Nbd5 13. Nbd2 Bb7 14. Nc4 Qc7 15. Nce5 Rad8 {1-0 (35) Bontempi,P (2325)-Brunier,J (2060) Schwarzach 2011}) 10. dxc5 Bxc5 11. Bg5 Bb7 12. Qe2 Qd5 $2 (12... Be7 $11) 13. Nbd2 $2 (13. Rd1 $1 $18) 13... Ng4 (13... Ne5 $11 {remains equal.} 14. Bc2 Nxf3+ 15. Nxf3 Be7) 14. Be4 $16 Qd7 {[#]} 15. Bh4 $1 Nf6 16. Rad1 (16. Bxf6 $16 {Strongly threatening Bxh7+!} gxf6 17. Nb3) 16... Qc7 17. Bxf6 gxf6 {[#]} 18. Nb3 ({Better is} 18. b4 $1 $16 {[%cal Rb4c5]} Bd6 19. Nc4) 18... Be7 $14 19. Nbd4 Rad8 20. Bxc6 Bxc6 21. Qc4 Bc5 $1 22. Nxc6 Qxc6 23. Qe2 {Accuracy: White = 57%, Black = 57%.} 1/2-1/2

[Event "Chesscup Rapid 2020"]
[Site "Katowice"]
[Date "2020.09.13"]
[Round "9.7"]
[White "Nasuta, Grzegorz"]
[Black "Kukula, Karol"]
[Result "1-0"]
[WhiteElo "2553"]
[BlackElo "1739"]
[Annotator "TA"]
[PlyCount "73"]
[EventDate "2020.09.12"]
[EventType "swiss"]
[EventCountry "POL"]
[SourceTitle "playchess.com"]
[Source "ChessBase"]
[SourceQuality "1"]

{[%evp 21,73,44,35,-12,-22,-22,-15,-5,0,0,259,253,438,438,437,438,497,478,466,383,382,374,372,368,372,356,479,461,509,482,463,468,606,587,558,464,521,459,859,785,1060,1029,860,722,712,699,1116,1058,949,660,745,730,936,914]} 1. e4 c5 2. Nf3 e6 3. d4 cxd4 4. Nxd4 Nf6 5. Nc3 Nc6 6. Nxc6 bxc6 7. e5 Nd5 8. Ne4 Qc7 9. f4 Qb6 10. c4 Ne3 11. Qd3 Bb4+ 12. Ke2 {[#] B45: Sicilian Four Knights.} Nxc4 $1 {[%mdl 512] And now ...Ba6 would win.} 13. Kf3 $1 ({Don't blunder} 13. Qxc4 $2 Ba6 $19) (13. a3 $2 {[#]} Nxe5 $1 {[%mdl 512]} 14. Qe3 (14. fxe5 $2 Ba6 $19) 14... Ng4 $19) 13... Ba6 {Hoping for ...Nxe5+!} 14. Qc2 $1 $132 {[%mdl 2048] White is not keeping still. The position is equal.} d5 15. exd6 $1 {[%mdl 64] Overworked Piece} Nxd6 $2 {[%mdl 8192] Black is on the road to losing.} (15... Qd4 $1 $11) 16. Be3 $18 {[#]} c5 $146 (16... Qb7) ({Predecessor:} 16... Qb7 17. Bxa6 Qxa6 18. a3 f5 19. Ng5 Ba5 20. Nxe6 Qb7 21. Qc5 Qd7 22. Nxg7+ Qxg7 23. Qxd6 Rd8 24. Qxc6+ Rd7 25. Rhd1 Rg8 26. Qxd7+ Qxd7 27. Rxd7 Kxd7 28. Bxa7 {1-0 (28) Heinemann,J (2238)-Bejatovic,B (2058) Skopje 2019}) 17. Nxd6+ Qxd6 18. Qa4+ {[%mdl 64] Double Attack} Ke7 19. Bxa6 Qd5+ 20. Kf2 Bd2 21. Bxd2 Qxd2+ 22. Be2 Rhd8 {Black hopes to continue with ...Rd4.} 23. Rhd1 Qxb2 24. Rab1 {White is clearly winning.} Qf6 25. Rxd8 {[%mdl 64] Overworked Piece} Rxd8 26. Qxa7+ {[%mdl 64] Double Attack} Kf8 27. Qxc5+ Kg8 28. Qe5 Qh4+ 29. Kg1 g6 (29... Qe7 $142 30. Qe3 Qc7) 30. Rb8 Rxb8 31. Qxb8+ Kg7 32. g3 Qe7 33. Kg2 Qd7 34. Qb2+ Kg8 35. Qc2 Qd5+ 36. Bf3 Qd7 37. a4 {Accuracy: White = 85%, Black = 30%.} 1-0

[Event "Chesscup Rapid 2020"]
[Site "Katowice"]
[Date "2020.09.13"]
[Round "9.8"]
[White "Barski, Radoslaw"]
[Black "Koziak, Vitali"]
[Result "1-0"]
[WhiteElo "2446"]
[BlackElo "2434"]
[Annotator "TA"]
[PlyCount "69"]
[EventDate "2020.09.12"]
[EventType "swiss"]
[EventCountry "POL"]
[SourceTitle "playchess.com"]
[Source "ChessBase"]
[SourceQuality "1"]

{[%evp 9,69,14,35,37,38,18,105,118,123,45,55,58,60,45,47,42,40,16,69,72,80,91,94,75,79,76,79,72,64,24,185,185,158,105,141,136,165,122,147,95,161,164,220,252,287,273,279,264,272,275,287,282,320,297,1735,1666,29990,29991,29991,29992,29997,29998]} 1. e4 c5 2. Nc3 a6 3. g3 b5 4. Bg2 Bb7 5. Nge2 b4 6. Na4 {B23: Closed Sicilian: Lines without g3.} e6 7. d4 Nf6 {[#]} (7... cxd4 $11 8. Qxd4 (8. Nxd4 Nf6 $11) 8... a5) 8. d5 $1 $16 {[#] White is better.} exd5 $146 {[#]} ({Predecessor:} 8... d6 9. dxe6 fxe6 10. Nf4 e5 11. Ne6 Qd7 12. Nxf8 Qxa4 13. Qxd6 Rxf8 14. Qe6+ Kd8 {1-0 (57) Williams,S (2507)-Adly,A (2640) Reykjavik 2011}) 9. exd5 (9. e5 $1 $16 {[%cal Re5f6]} Ne4 10. f3) 9... d6 $14 10. O-O Be7 11. b3 O-O 12. Bb2 Nbd7 13. h3 Re8 (13... Ne8 $11) 14. g4 Nb6 15. Nxb6 Qxb6 16. Ng3 Nd7 17. Qd2 Bf8 18. Nf5 {Hoping for Bxg7!} Ne5 19. Rae1 Rad8 $2 (19... a5 $1 $11) 20. f4 $18 Ng6 21. Kh2 (21. h4 $142) 21... a5 22. c4 Bc8 23. Qf2 Qc7 24. Ng3 ({White should try} 24. Be4) 24... Qd7 (24... Rxe1 $16 25. Rxe1 f6) 25. f5 Ne5 (25... Rxe1 {is a better defense.} 26. Rxe1 Ne5) 26. Bxe5 Rxe5 27. Rxe5 dxe5 28. Ne4 Qc7 29. g5 a4 30. Qh4 ({Weaker is} 30. bxa4 Ba6 $16) 30... axb3 31. axb3 Bd7 $2 {[#]} (31... Rd7 32. Bf3 Qd8) 32. g6 $1 {[%mdl 512]} fxg6 33. fxg6 {[%csl Gg6][%cal Rh4h7] White mates.} h6 {[#]} 34. Rf7 $1 {[%mdl 512]} Qc8 {[#]} 35. Qxh6 $1 {[%mdl 512] Accuracy: White = 80%, Black = 45%.} 1-0

[Event "Chesscup Rapid 2020"]
[Site "Katowice"]
[Date "2020.09.13"]
[Round "9.9"]
[White "Redzisz, Michal"]
[Black "Klekowski, Maciej"]
[Result "0-1"]
[WhiteElo "2164"]
[BlackElo "2511"]
[Annotator "TA"]
[PlyCount "78"]
[EventDate "2020.09.12"]
[EventType "swiss"]
[EventCountry "POL"]
[SourceTitle "playchess.com"]
[Source "ChessBase"]
[SourceQuality "1"]

{[%evp 19,78,25,21,35,44,9,20,0,-2,-9,14,-24,-27,-37,-32,-167,-167,-148,-146,-152,-136,-162,-149,-183,-176,-252,-277,-255,-254,-410,-452,-476,-506,-497,-484,-695,-666,-737,-742,-913,-887,-855,-881,-885,-870,-1058,-1041,-2107,-1985,-29993,-3128,-29983,-29984,-29986,-29987,-29990,-29987,-29987,-29974,-29987,-29988]} 1. d4 Nf6 2. c4 e6 3. g3 c5 4. d5 exd5 5. cxd5 g6 6. Nc3 d6 7. Bg2 Bg7 8. Nf3 O-O 9. O-O a6 10. a4 Re8 11. Re1 {A62: Modern Benoni: Fianchetto Variation without early ...Nbd7.} Qc7 12. e4 Bg4 13. h3 {The position is equal.} Bxf3 $1 14. Bxf3 Nbd7 15. Bg2 {[#]} c4 $146 ({Predecessor:} 15... Rab8 16. Qc2 b5 17. axb5 axb5 18. Bf1 c4 19. Ra6 Bf8 20. f3 Qb7 21. Rc6 Ne5 22. Bg5 {0-1 (22) Pustilnik,I (1892)-Dominguez,F (2135) Montevideo 2020}) 16. Be3 Nc5 {[%cal Rf6e4]} 17. Bd4 (17. Qc2 $15) 17... Nb3 $19 18. Bxf6 Bxf6 19. Rb1 Qc5 20. Qe2 b5 21. axb5 axb5 {[%cal Ba6b5,Bb5b4][%mdl 32]} 22. Kh2 (22. h4 $142) 22... b4 23. Nd1 Ra2 {Threatens to win with ...c3.} 24. Qg4 $2 (24. Qc2) 24... h5 25. Qd7 Rc8 26. h4 Rc7 27. Qh3 (27. Qe8+ $142 Kg7 28. Re3) 27... Nd2 28. Rc1 Bxb2 29. Nxb2 Rxb2 30. e5 dxe5 31. Rxe5 c3 32. Re8+ Kg7 33. g4 Qxf2 {[#] ( -> ...hxg4)} 34. gxh5 Nf1+ (34... Nf3+ $142 35. Kh1 Rc4 36. h6+ Kh7 37. Rh8+ Kxh8 38. Bxf3 Rxh4 {[%mdl 64] Overworked Piece} 39. Qxh4 Qxf3+ {[%mdl 64] Double Attack} 40. Kg1 Qg2#) 35. Rxf1 Qxf1 {Black mates.} 36. h6+ Kh7 37. Qg3 {[#]} Rxg2+ $1 {[%mdl 64] Promotion} 38. Qxg2 Qxg2+ 39. Kxg2 c2 {White did not feel at home in the position after the opening. Accuracy: White = 29%, Black = 90%.} 0-1

[Event "Chesscup Rapid 2020"]
[Site "Katowice"]
[Date "2020.09.13"]
[Round "9.10"]
[White "Kazmierowski, Tymon"]
[Black "Socko, Monika"]
[Result "0-1"]
[WhiteElo "1970"]
[BlackElo "2404"]
[Annotator "TA"]
[PlyCount "94"]
[EventDate "2020.09.12"]
[EventType "swiss"]
[EventCountry "POL"]
[SourceTitle "playchess.com"]
[Source "ChessBase"]
[SourceQuality "1"]

{[%evp 12,94,16,0,9,-7,-5,-6,-16,-32,-25,-31,47,50,81,64,91,4,4,0,0,6,8,7,0,0,0,-27,-25,-25,8,-14,-4,-4,0,0,11,0,0,0,0,-4,0,0,0,-16,-14,-55,-62,-62,-62,-62,-62,-52,-46,-47,-50,-124,-126,-136,-105,-135,-135,-106,-105,-181,-174,-362,-267,-267,-266,-1548,-1398,-6291,-6185,-5547,-5547,-29979,-29980,-29982,-29983,-29986,-29987,-29992,-29992]} 1. d4 Nf6 2. c4 e6 3. g3 c5 4. d5 exd5 5. cxd5 b5 6. Bg2 d6 7. Nf3 g6 {A60: Modern Benoni: Early Divergences.} 8. O-O Bg7 9. Bg5 h6 {[#] The position is equal.} 10. Bxf6 $146 ({Predecessor:} 10. Bf4 O-O 11. h3 g5 12. Be3 Bf5 13. Bc1 Nbd7 14. Nfd2 Re8 15. Re1 Re7 16. a4 {0-1 (52) Zebelis,R (2003)-Usakovas,J Vilnius 2008}) 10... Bxf6 11. Nc3 O-O (11... a6 $15) 12. Nxb5 $14 Bxb2 13. Rb1 Bg7 {[#]} 14. e4 (14. Nd2 $1 $16) 14... Ba6 $11 15. Re1 Bxb5 16. Rxb5 Nd7 17. Qc2 Qc7 18. Nd2 Rab8 19. Reb1 Rxb5 20. Rxb5 Rb8 21. Qb3 Rxb5 22. Qxb5 Ne5 23. Bf1 g5 24. a4 g4 25. a5 Qd8 26. Be2 Qg5 27. Nc4 Nxc4 28. Qxc4 Bd4 $36 {[%mdl 2048] ...Qf6 is the strong threat. Black is more active.} 29. Qa6 Qf6 30. Qc8+ Kh7 31. Qf5+ Qxf5 32. exf5 $15 {[%mdl 4096] Endgame KB-KB} h5 33. Kf1 Kh6 34. Bb5 ({Better is} 34. f4 $15) 34... Kg5 $17 35. Be8 Kf6 ({But not} 35... Kxf5 36. Bxf7 c4 37. Bxh5 $15) 36. Ke2 c4 ({Reject} 36... Kxf5 $6 37. Bxf7 Kg5 38. f4+ gxf3+ 39. Kxf3 $11) 37. Bb5 {[#]} c3 $1 {And now ...Bxf2! would win.} ({Much weaker is} 37... Kxf5 $6 38. Bxc4 Ke4 39. Ba2 $11) 38. Bd3 (38. Ba4 $17) 38... Ke5 $19 39. f3 $2 (39. Bc2) 39... Kxd5 40. fxg4 hxg4 41. Bc2 $2 (41. Ba6) 41... Kc4 42. a6 d5 43. Ba4 f6 44. Bc2 Bg1 {Black mates.} 45. Ba4 Bxh2 46. Be8 Bxg3 47. Bh5 Bf4 {Accuracy: White = 57%, Black = 86%.} 0-1